00704nam a22002057a 4500999001900000005001700019010001500036020002700051035001400078037001300092082001200105100001600117245006000133250001100193260003100204270008500235300002400320942002600344952012800370 c138486d13848620181205113122.0 aENG-117593 a9789350359709c1195.00 aEN-101125 bDABD/PUB a345.025 aRashid M.A. aHandbook on offences and punishments /cby M.A. Rashid a4th ed aGurgaon bLexisNexisc2017 a14th Floor Building No.10, Tower-B, DLF Cyber City, Phase-II, bGurgaon e122002 axxi,880p.c24cm(Hb) 2ddccENh345.025mRAS 001040718NFICaDBADbDBADd2017-03-27eDBAD/PUBg1195.00l0o345.025 RASpEN-101125r2017-03-27 00:00:00t1v1195.00yEN